• 首页
  • 本馆介绍
  • 公告通知
  • 最新文献
  • 馆藏检索
  • 电子资源
  • 读者导购
  • 参考咨询
  • 我的图书馆
  • 登录
  • 详细信息显示
  • 放入我的书架
  • 预约/预借图书
  • 作者相关作品
  • 分类相关作品
  • 丛书相关作品
  • 出版社相关作品

书目信息

  • 表格格式
  • 工作单格式
  • 卡片格式
题名:
AM-FM收音机原理
    
 
作者: ;黄政协 编译
分册:  
出版信息:    
页数: 347页
开本: 20cm
丛书名:
单 册:
中图分类: TN851
科图分类:
主题词: 接收机 , 收音机
电子资源:
ISBN:
000 00483nam0 2200181 450
001 0660649079
005 20060522165254.42
010    @dCNY1.80
100    @a20060522d km y0chiy0120 ea
101 0  @achi
200 1  @aAM-FM收音机原理@AAM-FM shou yin ji yuan li@f黄政协编译@Fhuang zheng xie bian yi
215    @a347页@d20cm
606 0  @a接收机
606 0  @a收音机
690    @aTN851@v3
711  0 @a黄政协@Ahuang zheng xie@4编译
801  0 @aCN@bPFT@c20060522
905    @a10447@dTN851@e1
    
    AM-FM收音机原理/黄政协编译
    347页;20cm
    
    
    ISBN :CNY1.80
    
●
相关链接 在E读中查询图书 在五车中查询图书 在当当中查询图书 在豆瓣中查询图书


正题名:AM-FM收音机原理     索取号:TN851/1         预约/预借

序号 登录号 条形码 馆藏地/架位号 状态 备注
1 0160048   202370594   密集书库/ [索取号:TN851/1] 在馆    
2 0160049   202120579   第二样本阅览室/ [索取号:TN851/1] 在馆    
唐山师范学院图书馆 欢迎您!
大连网信软件有限公司© 版权所有